What Am I? #5 - Statistics

General Stats
  • This quiz has been taken 86 times
  • The average score is 4 of 10
Answer Stats
Hint What Am I? % Correct
I’m tall when I’m young, and I’m short when I’m old Candle
69%
I have a head and a tail that will never meet. Having too many of me is always a treat Coin
64%
I’m a god, a planet, and I measure heat Mercury
60%
I can never be thrown but I can be caught. Ways to lose me are always being sought Cold
59%
I help you from your head to your toe. The more I work, the smaller I grow Soap
43%
I have branches, but no fruit, trunk or leaves Bank
39%
I can fly but have no wings. I can cry but I have no eyes. Wherever I go, darkness follows me Cloud
24%
I’m where yesterday follows today and tomorrow is in the middle Dictionary
20%
I shave every day, but my beard stays the same Barber
16%
You go at red, but stop at green Watermelon
12%
No matching quizzes found
Score Distribution
Percent of People with Each Score
Percentile by Number Answered
Your Score History
You have not taken this quiz